Guess the Flag by Three Words - Statistics

General Stats
  • This quiz has been taken 29 times
  • The average score is 9 of 15
Answer Stats
1 2 3 Flag % Correct
Plus Red Square Switzerland
85%
United Kingdom Stars Blue Australia
81%
Dragon Orange Yellow Bhutan
81%
Nordic Cross Outline Norway
81%
Sword Text Green Saudi Arabia
78%
Black Yellow Red Belgium / Germany
70%
Moon Green Islam Pakistan
67%
Red Yellow Star Vietnam
67%
Red Pentagram Arab Morocco
59%
Castle Striped White Cambodia
52%
Orange Green Circle Niger
48%
Square Yellow Picture Vatican City
44%
Thin Stripe Red Latvia
41%
Arab Stars Striped Syria
33%
Lines Triangle Colourful South Africa
30%
No matching quizzes found
Score Distribution
Percent of People with Each Score
Percentile by Number Answered
Your Score History
You have not taken this quiz